000 01785nam a22002537a 4500
999 _c61888
_d61888
003 Ge_BSU
005 20240603170101.0
008 240603s2024 ge ||||| |||| 00| 0 geo d
041 _ageo
080 _a061.213-055.1/.3(479.22) ლ-81
100 _aლომაძე, შორენა
_922297
245 _aაღმოაჩინე შენი გზა სკაუტინგში = Fing your way in scouting /
_cშემდგენელი შორენა ლომაძე ; წიგნზე მუშაობდნენ: ლილე კონცელიძე, ნათია გეგუჩაძე, მაიკო ბერიძე, სოფიო ბურნაძე.
264 _aბათუმი :
_bსაქართველოს სკაუტური მოძრაობის აჭარის ორგანიზაცია,
_c 2021.
300 _a124 გვ. :
_bილ. ;
_c21 სმ.
500 _aგარეკანი და თავფურცელი ქართულ და ინგლისურ ენებზე, ტექსტის ნაწილი ინგლისურ ენაზე.
653 _aსკაუტერის მოძრაობა საქართველოში
700 _aბოლქვაძე, ანა
_eილუსტრატორი.
_922298
700 _aკონცელიძე, ლილე
_eავტორი
_922299
700 _aგეგუჩაძე, ნათია
_eავტორი
_922300
700 _aბერიძე, მაიკო.
_eავტორი
_922301
710 _aბურნაძე, სოფიო.
_bავტორი
_922302
773 _tნაჩუქარი
942 _2udc
_cᲬᲘᲒᲜᲘ